| 000 | 01111cab a2200289 4500 | ||
|---|---|---|---|
| 001 | ABS58520 | ||
| 008 | 090401t1998 xxu||||| |||| 00| 0 eng d | ||
| 035 | _a(Sirsi) u85990 | ||
| 041 | _aeng | ||
| 100 | _aBingham, T. | ||
| 245 | 2 | _aA long and painful fight | |
| 260 | _c1998 | ||
| 350 | _a0 | ||
| 490 |
_aBuilding _v263(14) 3 April 1998, 27(1) |
||
| 520 | _aDiscusses the question in "Alfred McAlpine Construction Ltd v Panatown Ltd", a dispute alleging a defective office building, whether the rule that a party cannot recover compensation when the loss has been suffered not by that party, but by a third party unconnected with the contract, can be modified by looking at the parties roles within the contract. | ||
| 650 | _aALFRED MCALPINE CONSTRUCTION LTD V PANATOWN LTD | ||
| 650 | _aCOMPENSATION | ||
| 650 | _aDEFECTIVE WORKS | ||
| 650 | _aDESIGN AND BUILD CONTRACT | ||
| 650 | _aLIABILITY | ||
| 650 | _aMULTI STOREY CAR PARKS | ||
| 650 | _aOFFICE BUILDINGS | ||
| 650 | _aTHIRD PARTIES | ||
| 690 | _aBUILT ENVIRONMENT-BUILDING CONTRACT FORMS | ||
| 942 | _n0 | ||
| 948 | _c05/05/1998 | ||
| 999 |
_c54103 _d54103 |
||